000 01366cam a2200253 i 4500
001 000651749
003 AM-YeHGA
005 20250617141227.0
008 090417s1974 ai | |||||||||||||rus|d
040 _aAM-YeHGA
041 0 _arus
100 1 _aКовалев, Алексей Трифомович
245 1 0 _aСельскохозяйственные машины /
_cА.Т. Ковалев, Г.А. Ширшов; Ун-т дружбы нар. им. П. Лумумбы, Каф. мех. и элек. с.-х. производства.
246 3 _aAgricultural machinery
260 _aМосква :
_bБ. и.,
_c1974.
300 _aЧасть ;
_c20 см.
504 _aБиблиогр. в подстроч. примеч.
505 1 0 _gЧ. 1 (1974, 150 с., рис.) :
_tПособие для студентов и специалистов сельского хозяйства
650 1 4 _aСельскохозяйственные машины и орудия
650 1 4 _aМеханизация сельского хозяйства
700 1 _aШиршов, Григорий Андреевич
710 2 _aУниверситет дружбы народов им. П. Лумумбы.
_bКафедра механизации и электрификации сельскохозяйственного производства
090 _c236094
999 _c234532
_d234532